| 000 | 00399nam a2200169Ia 4500 | ||
|---|---|---|---|
| 008 | 220531s9999 xx 000 0 und d | ||
| 041 | _aeng | ||
| 082 | _bWAS | ||
| 100 |
_aWaswani, T. L. _938163 |
||
| 245 | _aBhagwatgita : The Song Of Supreme | ||
| 260 |
_bGita _c1995 |
||
| 300 | _a228 | ||
| 542 | _d24-11-1997 | ||
| 650 |
_aEnglish _938164 |
||
| 906 | _d1997-1998 | ||
| 999 |
_c23137 _d23137 |
||